RETHINKING BANK REGULATION (Record no. 35092)
[ view plain ]
| 000 -LEADER | |
|---|---|
| fixed length control field | 00250nam a2200109Ia 4500 |
| 008 - FIXED-LENGTH DATA ELEMENTS--GENERAL INFORMATION | |
| fixed length control field | 240625s9999 xx 000 0 und d |
| 041 ## - LANGUAGE CODE | |
| Language code of text/sound track or separate title | eng |
| 082 ## - DEWEY DECIMAL CLASSIFICATION NUMBER | |
| Classification number | 346.082 BAR |
| 100 ## - MAIN ENTRY--PERSONAL NAME | |
| Personal name | BARTH JAMES R |
| 245 ## - TITLE STATEMENT | |
| Title | RETHINKING BANK REGULATION |
| 260 ## - PUBLICATION, DISTRIBUTION, ETC. | |
| Date of publication, distribution, etc. | 2007 |
| Withdrawn status | Lost status | Damaged status | Not for loan | Home library | Current library | Date acquired | Total Checkouts | Full call number | Barcode | Date last seen | Price effective from | Koha item type |
|---|---|---|---|---|---|---|---|---|---|---|---|---|
| IMTN | IMTN | 11/08/2014 | 346.082 BAR | CD2120 | 06/25/2024 | 06/25/2024 | CD |